000 00278nam a2200109Ia 4500
008 200302s9999 xx 000 0 und d
100 _avincent Scully
245 _aGraham Gund Architects
260 _bThe American Institute of Architects Press
260 _c1993
300 _a224 P.,
999 _c873
_d873